Bandiere di Paesi tricolore - Statistics

Statistiche generali
  • Questo quiz è stato fatto 42 volte
    41 dall'ultimo reset
  • Il punteggio medio è 62 su 74
Statistiche sulle risposte
con Immagini Risposta % Corretto
Norvegia
100%
Bulgaria
97%
Irlanda
97%
Italia
97%
Nuova Zelanda
97%
Paesi Bassi
97%
Algeria
94%
Australia
94%
Cipro
94%
Estonia
94%
Francia
94%
Germania
94%
Giamaica
94%
Iran
94%
Kosovo
94%
Libano
94%
Nepal
94%
Regno Unito
94%
Romania
94%
Russia
94%
Stati Uniti d'America
94%
Armenia
91%
Belgio
91%
Bosnia e Erzegovina
91%
Colombia
91%
Cuba
91%
Islanda
91%
Lussemburgo
91%
Panama
91%
Repubblica Ceca
91%
Slovacchia
91%
Thailandia
91%
Angola
88%
Barbados
88%
Bielorussia
88%
Corea del Nord
88%
Costa d'avorio
88%
Senegal
88%
Taiwan
88%
Ungheria
88%
Cile
85%
Lituania
85%
Repubblica Democratica del Congo
85%
Saint Vincent e Grenadine
85%
Trinidad e Tobago
85%
Yemen
85%
Oman
82%
Camerun
79%
Ciad
79%
Costa Rica
79%
Laos
79%
Madagascar
79%
Mali
79%
Mongolia
79%
Bahamas
76%
Liberia
76%
Maldive
76%
Niger
76%
Burkina Faso
73%
Burundi
73%
Malawi
73%
Mauritania
73%
Sierra Leone
73%
Botswana
70%
Nauru
70%
Repubblica del Congo
70%
Benin
67%
Gabon
67%
Grenada
67%
Guinea
67%
Samoa
67%
Isole Marshall
64%
Ruanda
64%
Bolivia
61%
Nessun quiz corrispondente trovato
Distribuzione punteggi
Percentuale di utenti per punteggio
Percentile per numero di risposta
I tuoi punteggi nel tempo
Non hai fatto questo quiz dall'ultimo reset